000 00819aam a2200277 i 4500
001 316
003 CO-MdBIC
005 20211002100528.0
008 211002t1997 ck ||||| |||| 00| 0 eng d
020 _a958-9289-07-X
040 _bspa.
_aCO-MdFUSB
_cCO-MdFUSB
_dCO-MdFUSBC
_erda
041 _aspa
082 0 4 _aR 413.61 S4864r
100 1 _aSerna M., J. Alberto
245 1 0 _aCómo enriquecer nuestro léxico mediante el estudio de las raíces griegas / J.Alberto Serna
_c/
260 _aBogotá, Colombia : Idioma
264 1 _aBogotá, Colombia :
_bIdioma,
_c[1997]
264 4 _c© 1997
300 _a408 Pág.
_c;
336 _2rdacontent
_atexto
_btxt
337 _2rdamedia
_asin mediación
_bn
338 _2rdacarrier
_avolumen
_bnc
653 _aLexicografía
942 _cBK
945 _aEstudiante
999 _c31852
_d31852